00306nam a2200133Ia 4500008004100000041000800041082001300049100001600062245002800078260002500106300000800131365001700139700001600156230718s9999 xx 000 0 und d aeng a658bMON aMonahan Tom aDo It Yourself Lobotomy c2002bJuile And Sons a260 cRs.b1548.00 aMonahan Tom